000 00400nam a2200157Ia 4500
008 210210b1969 xxu||||| |||| 00| 0 eng d
082 _a599.04 TAYF
100 _aTaylor (William T)
245 _aFunctional mammalian anatomy.
260 _aLondon
_bVan Nostrand
_c1969
300 _axi,575
650 _aMammalian Anatomy
690 _aZoology
700 _aWEBER (Richard J).
906 _a028405
999 _c79654
_d79654